000 00659nam a2200205Ia 4500
003 GCL
008 140319s9999 xx 000 0 ara d
020 _a6164245977
040 _aGCL /
_cGCL
082 0 4 _a510.7
_bم ب
100 1 _aمجدى عزيز ابراهيم
245 1 0 _aالبرهان والمنطق فى تدريس الرياضيات /
_cمجدى عزيز ابراهيم
250 _aالاولى
260 _aالقاهرة :
_bدار نهضة الشرق ،
_c2002
300 _a189 ص ؛
_c24 سم
650 0 4 _aالرياضيات
650 0 4 _aالمنطق
650 0 4 _aالرياضيات - تعليم وتدريس
942 _2ddc
_cBK
999 _c5282
_d5282